000 00474nam a22001812 4500
001 0000005596
005 20151217160108.0
008 070619s xx 000 0 eng d
040 _aKABU
_cKABU
050 0 _aPZ7
_b.O4W49
100 1 _aOkello, Margaret.
_@0000156843
245 1 0 _aWhy the cat lives with people.
260 _aNairobi :
_bEAEP,
_c1992.
300 _a21 p.
908 _a070619
950 _@1
999 _c14164
_d14164